1268 1842 1091 1664 1236 1596 1860 1873 1626 1759 1081 1686 1297 1376 1134 1228 1704 1689 1166 1903 1369 1304 1979 1126 1904 1484 1172 1795 1480 1698 1544 1017 1997 1042 1059 1566 1444 1657 1045 1027 1668 1934 1681 1309 1900 1776 1934 1690 1500 1092 1678 1989 1527 1544 1429 1522 1083 1937 1184 1927 1252 1527 1497 1115 1950 1557 1865 1750 1191 1965 1866 1717 1942 1715 1898 1209 1345 1335 1953 1838 1658 1530 1940 1915 1573 1752 1365 1389 1121 1432 1746 1169 1376 1933 1955 1231 1165 1134 1040 BCNSPRNW ULIB Ver.6.0+V

เปลี่ยนเป็นภาษาไทย

Change to English
 แสดงรายละเอียดบรรณานุกรม
  กลับหน้าหลัก

Brief Record : Get Marc (ISO 2709) : E-mail record : QR code < ปิดหน้าต่าง
LEADER : 00000nam 2200000uu 4500
001    13399113081
003     ULIB
008    110627s2549||||th 000 0 tha d
020    9789749479416
090    นว.^bม627ง 2549
100 0  มุตตา
245 00 เงาจันทรา/^cมุตตา
250    พิมพ์ครั้งที่ 1
260    กรุงเทพฯ :^bบลูเบลล์,^c2549
300    378 หน้า
710 1  บลูเบลล์
945    ^p245^l0^i019590
995    ทศพร
999 ^a ใช้งานได้ทุกระบบ
รายการนี้ยังไม่มีแท็ก
คุณยังไม่ได้ล็อกอิน คุณสามารถมีกิจกรรมร่วมกับเว็บไซต์ได้ แต่ต้องล็อกอินก่อน ::
  ล็อกอิน

รายการสื่อสารสนเทศ

ลำดับที่ ประเภท เลขเรียก/บาร์โค้ด สถานที่ สถานะ
- ไม่พบข้อมูล -

รายการใกล้เคียง
    ผู้แต่ง [มุตตา]

BibComment


ยังไม่เคยถูกคอมเมนท์

คอมเมนท์ทรัพยากรรายการนี้
  คอมเมนท์: เงาจันทรา มุตตา


 Copyright 2026. Bcnsprnw @Library